000 02620cam a22006374i 4500
003 PE-LiUPU
005 20250731170410.0
008 151117s2011 sp a r 000 0 spa d
020 _a9788415262381
035 _a(Sirsi) i9788415262381
040 _aPE-LiUPU
_bspa
_cPE-LiUPU
_erda
041 1 _aspa
_heng
049 _aPRUA
082 0 4 _a152.47
_bH87
100 1 _aHuebner, Dawn,
_eautor.
245 1 0 _aQué puedo hacer cuando estallo por cualquier cosa :
_bun libro para ayudar a los niños a superar sus problemas con la ira /
_cDawn Huebner ; ilustraciones de Bonnie Matthews.
250 _aTercera edición.
264 1 _aMadrid :
_bTEA,
_c2011.
300 _a96 páginas :
_bilustraciones ;
_c30 centímetros.
336 _atext
_2rdacontent
337 _aunmediated
_2rdamedia
338 _avolume
_2rdacarrier
490 0 _aGuías para niños qué puedo hacer
505 0 _aEn el asiento del conductor -- Un secreto sobre la ira -- ¿Te ayuda la ira a hacer amigos? -- ¡Fuego! ¡Fuego! -- Método de extinción de la ira n° 1: tómate un descanso -- Método de extinción de la ira n° 2: busca pensamientos fríos -- Método de extinción de la ira n° 3: líbrate de la ira de manera segura -- Método de extinción de la ira n° 4: resuelve el problema -- Cómo reconocer los desencadenantes -- Venganza y pelotas de pinchos -- Cómo alargar la mecha -- ¡Puedes conseguirlo!
526 _aSEG68
526 _aSEG70
526 _aSEG69
526 _aSEG67
526 _aSEG43
526 _aP144
526 _aP143
526 _aP131
526 _aP122
526 _aP120
526 _aP117
526 _aP112
526 _aP110
526 _aP106
526 _aP101
526 _aP80
526 _aP59
526 _aP54
526 _aP35
526 _aP33
526 _aP30
534 _pTítulo Original :
_tWhat to do when your temper flares.
541 _g001-001613;
650 1 4 _aIra infantil
_xLibros infantiles.
700 1 _aMatthews, Bonnie,
_d1963- ,
_eilustraciones.
910 _ardg
_bjck
_crdg
_d20151117
942 _2ddc
_cBOOK
949 _a152.47 H87
_wDEWEY
_c1
_i71972
_d2016-4-3
_e2016-3-29
_lCCODEBUL1
_mBUL
_n1
_p34.53
_r0
_sY
_tBOOK
_u2015-11-17
_xSALUD
_PP33
_0COMPRA
_o.STAFF. Colección General
994 _aC0
_bPEPRU
596 _a1
999 _a152.47 H87
_wDEWEY
_c7880
_i71972
_d7880
_e2019-10-1
_f2021-11-3
_g5
_lCCODEBUL1
_mBUL
_n10
_p34.53
_q4
_r0
_sY
_tBOOK
_u2015-11-17
_xSALUD
_PP33
_0COMPRA
_o.STAFF. Colección Ciencias de la Salud
980 _81
_gALBERTO SANCHEZ Responsable de Automatización